| 000 | 00572nam a2200157Ia 4500 | ||
|---|---|---|---|
| 008 | 140724s9999 xx 000 0 und d | ||
| 050 |
_aHF 5803 _b.C264 2010 |
||
| 100 | _aCarbonell, Mario Joesef T. | ||
| 245 |
_a"Filipino Advertising": _ban infomercial on the identity of filipino in philippine advertising / _cMario Joesef T. Carbonell. |
||
| 260 |
_aLas PiƱas, Philippines : _bSouthville International School and Colleges, _cc2010. |
||
| 300 |
_a55 p. : _bill. ; _c28 cm. |
||
| 521 | _aMedia Arts | ||
| 650 |
_aFilipino _xAdvertising |
||
| 942 | _cTH | ||
| 999 |
_c228750 _d228750 |
||